Vocabulaire musical par lettre - B - Statistiques

Statistiques générales
  • Ce quiz a été pris 29 fois
  • Le résultat moyen est 8 sur 15
Statistiques - réponses
Hint Réponse % Correct
Outil facultatif du chef d'orchestre qui peut servir à battre les temps baguette
89%
Une tessiture vocale d'homme intermédiaire baryton
85%
On peut aussi l'appeler "flûte d'Angleterre", c'est la flûte à ... bec
85%
Instrument à percussion qui appuie la base rythmique, surtout en improvisation batterie
81%
Instrument à quatre cordes, parfois électrique basse
78%
Elle dure deux temps blanche
74%
Epoque de Vivaldi baroque
67%
Métronome : le b dans bpm battement
63%
Sous-famille des vents qui inclut la clarinette bois
48%
Annule les précédentes altérations de la note bécarre
37%
Les temps sont divisés en deux binaire
30%
Traits verticaux délimitants présents tout au long de la partition barres de mesure
19%
Notation baroque qui a pour but de soutenir les instruments mélodiques. basse continue
7%
Superposition simultanée de deux tonalités dans un morceau bitonalité
7%
C'est le nom d'un certain type de note étrangère broderie
4%
Aucun quiz correspondant
Distribution des résultats
% des personnes avec chaque résultat
Percentile par nombre de réponses
Votre historique - résultats
Vous n’avez pas pris ce quiz